000
00524nam a2200169Ia 4500
008
090124s9999 xx 000 0 und d
082
_b
46172
100
_a
औरंगाबादकर अनुराधा
245
_a
हास्यकळा
250
_a
0
300
_a
152
600
_a
औरंगाबादकर अनुराधा
630
_a
हास्यकळा
700
_a
औरंगाबादकर अनुराधा
730
_a
हास्यकळा
942
_c
BOOK
999
_c
112394
_d
112394